000 00425 a2200169 4500
001 189626
020 _a
040 _cMagnum
100 _aRibeiro, Raphael Rajão
240 1 0 _aBelo Horizonte: regional Barreiro
_lpor
245 1 0 _aBelo Horizonte: regional Barreiro
300 _a70
362 0 _a2008
440 1 _aArquivo Público da Cidade de Belo Horizonte
697 _aLITERATURA INFANTO-JUVENIL
942 _cBK
999 _c189626
_d189626